| 000 | 00561nam a2200193Ia 4500 | ||
|---|---|---|---|
| 003 | LDD | ||
| 008 | 181029s9999 xx 000 0 und d | ||
| 020 |
_a195684486 _c575.00 |
||
| 040 | _cLDD | ||
| 100 | _aSoanes, Catherine | ||
| 245 | 0 |
_aConsie Oxford English Dictionary _cCatherine Soanes |
|
| 260 |
_aNew York _bOxford University Press _c2006 |
||
| 300 | _avi, 1683p. | ||
| 365 | _b575.00 | ||
| 901 |
_a3764 _b31-01-2007 |
||
| 902 |
_aUBS7355 _b01-03-2007 _cF _dUPPAL _e0 |
||
| 903 |
_aDiscount-10 _bReqst by : Manorama Tripathi |
||
| 942 |
_2ddc _cBK |
||
| 999 |
_c78509 _d78509 |
||